00582cam a22002291 4500001001300000003000400013005001700017008004100034010001700075025001900092035002000111040002100131042001200152050001700164100003700181245004300218260001100261300001900272500001600291650002800307999001700335sa 66006091 DLC20260227112253.0940805s1965 ii 000 1 pano  asa 66006091  aPL480:I-Pu-717 a(OCoLC)30890911 aDLCcCUdCUdDLC apremarc00aPK2658b.S460 aHaracarana Siṅgha,d1914-2006.10aĀdhunika Pañjābī kahāṇī. c[1965] a132 p.c19 cm. aIn Panjabi. 0aShort stories, Panjabi. c70289d70289